| 000 | 00490cam a2200193 4500 | ||
|---|---|---|---|
| 001 | D3076 | ||
| 008 | 090401t1984 xxu||||| |||| 00| 0 eng d | ||
| 035 | _a(Sirsi) u71790 | ||
| 041 | _aeng | ||
| 050 | _a692.9 | ||
| 100 | _aDavis, M.K. | ||
| 245 | 4 | _aThe sub-contractor`s dilemma | |
| 260 |
_aAscot, Berks _bChartered Institute of Building _c1984 |
||
| 300 | _a3p. 30cm | ||
| 350 | _a0 | ||
| 490 |
_aTechnical Information Service _pManagement _v32 |
||
| 942 | _n0 | ||
| 948 | _c04/03/1997 | ||
| 999 |
_c95439 _d95439 |
||